000 00441nab a2200145Ia 4500
003 ES-SlBCS
005 20210601134618.0
008 140529s1997 xxu||||| |||| 00| 0 spa d
041 _aspa
100 1 _aZanotto Baldó, José
_9220410
245 0 0 _aIdentidad de AVEC y de la Escuela Católica
_c José Zanotto Baldó
650 0 4 _aEscuela Católica
_9128529
773 0 _tAnthropos
_gvol. 18, nº. 34, 1997, págs. 49-63
_wRev38
942 _cAR
999 _c615259
_d615259